[Sacred vocal music.
Disimpan dalam:
| Pengarang Korporat: | |
|---|---|
| Format: | Skor Muzik |
| Bahasa: | Latin |
| Diterbitkan: |
1511]
|
| Subjek-subjek: | |
| Penanda-penanda: |
Tambah Penanda
Tiada Penanda, Jadilah orang pertama menanda rekod ini!
|
| LEADER | 00485ndm a2200181 4500 | ||
|---|---|---|---|
| 001 | 007730650-3 | ||
| 005 | 20020606104010.5 | ||
| 008 | 980310s1511 xx zzz| a nn| lat d | ||
| 035 | 0 | |a ocm39015623 | |
| 040 | |a MH-Mu |c MH-Mu | ||
| 110 | 2 | |a Universitätsbibliothek München. |k Manuscript. |n Cod. 153. | |
| 245 | 0 | 0 | |a [Sacred vocal music. |
| 260 | |c 1511] | ||
| 300 | |a 1 ms. choirbook ([113] leaves) | ||
| 650 | 0 | |a Sacred vocal music. | |
| 650 | 0 | |a Music |x Manuscripts. | |
| 988 | |a 20020608 | ||
| 906 | |0 MH | ||


